Advances in exploitation research of Hevea (Record no. 53874)

MARC details
000 -LEADER
fixed length control field 00588nam a2200169Ia 4500
100 ## - MAIN ENTRY--AUTHOR NAME
Personal name Vijayakumar K R
245 #0 - TITLE STATEMENT
Title Advances in exploitation research of Hevea
260 ## - PUBLICATION, DISTRIBUTION, ETC. (IMPRINT)
Name of publisher Global Competitiveness of Indian Rubber Plantation Industry : Rubber Planters Conference, India 2002. (Eds. C. Kuruvilla Jacob). Rubber Research Institute of India, Kottayam, Kerala, pp.155-162.
650 ## - SUBJECT ADDED ENTRY--TOPICAL TERM
Topical Term Exploitation
650 ## - SUBJECT ADDED ENTRY--TOPICAL TERM
Topical Term Hevea
650 ## - SUBJECT ADDED ENTRY--TOPICAL TERM
Topical Term India
700 ## - ADDED ENTRY--PERSONAL NAME
Personal name Karunaichamy K
700 ## - ADDED ENTRY--PERSONAL NAME
Personal name Rajagopal R
700 ## - ADDED ENTRY--PERSONAL NAME
Personal name Thomas K U
942 ## - ADDED ENTRY ELEMENTS (KOHA)
Koha item type Journals
Holdings
Withdrawn status Lost status Damaged status Not for loan Home library Current library Shelving location Date acquired Koha item type
      Journals RRII Library RRII Library Physiology 01/01/2021 Journals